Los Orígenes de las instituciones de Bretton Woods y de la Organización Mundial del Comercio

Na minha lista:
Detalhes bibliográficos
Formato: Texto
Assuntos:
Tags: Adicionar Tag
Sem tags, seja o primeiro a adicionar uma tag!

MARC

LEADER 00000 a a2200000 04500
001 5561
003
040
245 |a Los Orígenes de las instituciones de Bretton Woods y de la Organización Mundial del Comercio  
650 |a INSTITUCIONES FINANCIERAS  
650 |a HISTORIA  
773 |g número 124 -125; páginas 1-3  
999 |c 32636  |d 32636